Movies Through the Kaleidoscope! Quiz Stats

 Plays Quiz Updated Jul 18, 2018

Score 0/22 Timer 07:00
3 Plays Today
% Correct
The Lion King
99.1%
Mary Poppins
91.9%
A New Hope
90.7%
Raiders of the Lost Ark
88.9%
Mad Max: Fury Road
84.9%
300
83.9%
Kill Bill Vol. 1
82.3%
La La Land
80.7%
Beauty and the Beast
77.3%
Avatar
73.2%
The Matrix
71.9%
% Correct
Edward Scissorhands
71.4%
The Dark Knight
68.4%
2001: A Space Odyssey
60.6%
Harry Potter and the Deathly Hallows – Part 2
56.2%
Ratatouille
55.3%
The Lord of the Rings: The Return of the King
45.1%
The Grand Budapest Hotel
29.9%
Life of Pi
23.6%
Pan's Labyrinth
21.2%
Birdman or (The Unexpected Virtue of Ignorance)
17.8%
Vertigo
4.2%

You're not logged in!

Compare scores with friends on all Sporcle quizzes.
Join for Free
OR
Log In

You Might Also Like...

Show Comments

Extras

Top Quizzes Today


Score Distribution

Your Account Isn't Verified!

In order to create a playlist on Sporcle, you need to verify the email address you used during registration. Go to your Sporcle Settings to finish the process.

Report this User

Report this user for behavior that violates our Community Guidelines.

Details: